000 nam a22 7a 4500
999 _c7504
_d7504
008 170916b xxu||||| |||| 00| 0 eng d
100 _94031
_aAggarwal.R.S.
245 _aMathematics-6
260 _aNew Delhi